Michigan Products/Brands Quiz - Statistics

General Stats
  • This quiz has been taken 53 times
  • The average score is 8 of 13
Answer Stats
Clue Product % Correct
Famous cereal brand known for Frosted Flakes and more Kellogg's
96%
Oldest surviving ginger ale brand in the United States Vernors
87%
Baby food tycoon now owned by the Nestle group Gerber
84%
Car company known for their famous 300 and Town & Country models Chrysler
82%
Superstore chain located in the Midwest and centered in Michigan Meijer
73%
Pizzeria which recently changed its image and name to serve more than just pizza Domino's
67%
Soda brand notable for unique flavors and one of the best root beers in the United States Faygo
67%
Famous pickle brand utilizing a stork as its mascot Vlasic
58%
Furniture manufacturer known for recliners and chairs La-Z-Boy
53%
Mortgage-lending company also connected to the Cleveland Cavaliers Quicken Loans
36%
Coffee brand originally marketed as "Beaner's Coffee" Biggby Coffee
27%
Salsa company rooted in Ferndale; known for "Jack's Special Salsa" Garden Fresh Gourmet
13%
Company selling nuts, seeds, chocolates, candies, and more, they are most famous for their pistachios and peanuts, served at Detroit Tigers games Germack
9%
No matching quizzes found
Score Distribution
Percent of People with Each Score
Percentile by Number Answered
Your Score History
You have not taken this quiz